00556nam a2200157 i 450000100060000000300090000600500170001500700030003200800410003510000250007624501670010126000420026830000290031065000380033985200210037774023ES-MaACL20230906172007.0t|040914s1929 ag ||||1| spa d1 aGonzález, Julio V.13aLa emancipación de la Universidad b: contribución al estudio de un nuevo régimen de enseñanza pública superior en la Argentina / cJulio V. González. aBuenos Aires : bL. J. Rosso, c1929. aXXVII, 367 p. ; c21 cm. 4aEnseñanza superior-zArgentina. aES-MaACLjA-1804